| 000 -LEADER |
| fixed length control field |
00805cam a2200229 a 4500 |
| 001 - CONTROL NUMBER |
| control field |
1204 |
| 003 - CONTROL NUMBER IDENTIFIER |
| control field |
BD-DhUAP |
| 005 - DATE AND TIME OF LATEST TRANSACTION |
| control field |
20200126112927.0 |
| 008 - FIXED-LENGTH DATA ELEMENTS--GENERAL INFORMATION |
| fixed length control field |
200126s1995 bg a b 100 0 eng |
| 040 ## - CATALOGING SOURCE |
| Original cataloging agency |
DLC |
| Transcribing agency |
DLC |
| Language of cataloging |
Eng |
| Modifying agency |
BD-DhUAP |
| 082 ## - DEWEY DECIMAL CLASSIFICATION NUMBER |
| Edition number |
23 |
| Classification number |
305.4 COM |
| 245 00 - TITLE STATEMENT |
| Title |
Commercial activity, women, and ecology : |
| Remainder of title |
seminar proceedings / |
| Statement of responsibility, etc. |
Edited by Amanat Ullah Khan and Md. Abdul Baqee. |
| 260 ## - PUBLICATION, DISTRIBUTION, ETC. |
| Place of publication, distribution, etc. |
Dhaka, Bangladesh : |
| Name of publisher, distributor, etc. |
[IGU Commission on Commercial Activities], |
| Date of publication, distribution, etc. |
1995. |
| 300 ## - PHYSICAL DESCRIPTION |
| Extent |
583 pages : |
| Other physical details |
illustrations ; |
| Dimensions |
25 cm. |
| 504 ## - BIBLIOGRAPHY, ETC. NOTE |
| Bibliography, etc. note |
Includes bibliographical references. |
| 650 ## - SUBJECT ADDED ENTRY--TOPICAL TERM |
| Topical term or geographic name entry element |
Women |
| Form subdivision |
Economic conditions. |
| 650 ## - SUBJECT ADDED ENTRY--TOPICAL TERM |
| Topical term or geographic name entry element |
Women |
| Form subdivision |
Social conditions. |
| 700 1# - ADDED ENTRY--PERSONAL NAME |
| Personal name |
Khan, Amanat Ullah. |
| 700 1# - ADDED ENTRY--PERSONAL NAME |
| Personal name |
Baqee, Md. Abdul. |
| 942 ## - ADDED ENTRY ELEMENTS (KOHA) |
| Source of classification or shelving scheme |
|
| Koha item type |
Book |